000 00229nam a2200097Ia 4500
001 680668
005 20250826161345.0
008 250824s9999 xx 000 0 und d
245 0 _aBEN ÇOCUKKEN
_cVURAL KAYA
260 _bKAYALIPARK
999 _c680668
_d680668